000 02646cam a22005654i 4500
003 PE-LiUPU
005 20250731172851.0
008 150221s2015 miua r 001 0 eng d
020 _a0801049679
020 _a9780801049675
035 _a(Sirsi) i9780801049675
040 _aDLC
_erda
_bspa
_cDLC
_dYDX
_dYDXCP
_dBTCTA
_dBDX
_dOCLCF
_dSPB
_dDRU
_dHNW
_dNLGGC
_dZID
_dPE-LiUPU
049 _aPRUA
050 0 0 _aBV4447
_b.Y5843 2015
082 0 0 _a259.23
_bY76
_223
245 0 0 _aYouth ministry in the 21st century :
_bfive views /
_cChap Clark, editor.
246 3 _aYouth ministry in the twenty-first century
264 1 _aGrand Rapids, Michigan :
_bBaker Academic,
_c[2015]
300 _axx, 193 páginas ;
_c23 centímetros.
336 _atext
_2rdacontent
337 _aunmediated
_2rdamedia
337 _avolume
_2rdacarrier
490 0 _aYouth, family, and culture
504 _aÍndice : páginas 191-193.
505 0 _aGreg Stier. The gospel advancing view of youth ministry ; Responses to the gospel advancing view -- Brian Cosby. The reformed view of youth ministry ; Responses to the reformed view -- Chap Clark. The adoption view of youth ministry ; Responses to the adoption -- Fernando Arzola. The ecclesial view of youth ministry ; Responses to the ecclesial view -- Ron Hunter. The D6 view of youth ministry ; Responses to the D6 view.
526 _aSEG42
526 _aSEG41
526 _aSEG40
526 _aSEG39
526 _aP94
526 _aP87
526 _aP86
526 _aP85
526 _aP77
526 _aP76
526 _aP35
650 0 _aTrabajo de la iglesia con los jóvenes..
700 1 _aClark, Chap,
_d1954- ,
_eeditor.
910 _ajck
_bjck
_cjck
_d20160609
910 _adbm
_bksl
_cksl
_d20171227
942 _2ddc
_cBOOK
949 _a259.23 Y76
_wDEWEY
_c1
_i73522
_lCCODEBUL1
_mBUL
_p13.19
_r0
_sY
_tBOOK
_u2016-6-9
_xTEOLOGIA
_PP85
_0COMPRA
_o.STAFF. Posgrado
994 _aC0
_bPEPRU
596 _a1
999 _a259.23 Y76
_wDEWEY
_c9852
_i73522
_f2021-11-10
_g5
_lCCODEBUL1
_mBUL
_p13.19
_r0
_sY
_tBOOK
_u2016-6-9
_xTEOLOGIA
_PP85
_0COMPRA
_o.STAFF. Posgrado
_d9852
999 _a259.23 Y76
_wDEWEY
_c2
_i75223
_d2018-1-11
_f2021-11-10
_g5
_lCCODEBUL1
_mBUL
_p21.99
_q2
_r0
_sY
_tBOOK
_u2017-1-12
_xTEOLOGIA
_PP85
_0COMPRA
_o.STAFF. Colección Teología
999 _a259.23 Y76
_wDEWEY
_c3
_i77750
_d2019-1-23
_f2021-11-10
_g4
_lCCODEBUL1
_mBUL
_p12.41
_q1
_r0
_sY
_tBOOK
_u2017-12-27
_xTEOLOGIA
_PP85
_0DONACION
_o.STAFF. Colección Teología
980 _81
_gALBERTO SANCHEZ Responsable de Automatización